000 01448cam a22003857a 4500
003 CHAP
005 20220817042439.0
008 971013s1980 r 00010 d
010 _a45024
011 _a45996
035 _a50136
040 _cCHAP
082 _a378.99
_bU6 1980
110 _aUniversidad Nacional Autónoma de México
245 1 3 _aLa educación media es un cruce de caminos
250 _a5 ed.
260 _a(s.l.) :
_bUNAM,
_c(1980?)
300 _a230 p.
590 _aBATCH-UPD
_b10
_c20130110
_lUCH01
_h0315
590 _aBATCH-UPD
_b10
_c20130409
_lUCH01
_h2348
590 _aBATCH-UPD
_b10
_c20130914
_lUCH01
_h1247
590 _aCONVERSION
_b10
_c20130109
_lUCH01
_h1325
650 1 4 _aEducación técnica
_xMéxico.
_935678
650 1 4 _aOrientación vocacional.
_983575
901 _aBK
942 _cLIBRO
949 _a378.99 U6 1980
_bBC
_cBPA
_d-112793
_eBPA
_fc.3
_h50110
_i50136
_mD
_si
949 _a378.99 U6 1980
_bBC
_cC
_d-112792
_eC
_fc.2
_h50109
_i50136
_mD
_si
949 _a378.99 U6 1980
_bBC
_cC
_d-112796
_eC
_fc.6
_h50113
_i50136
_si
949 _a378.99 U6 1980
_bBC
_cC
_d-112797
_eC
_fc.7
_h50114
_i50136
_mD
_si
949 _a378.99 U6 1980
_bBC
_cC
_d-112798
_eC
_fc.8
_h50115
_i50136
_mD
_si
949 _a378.99 U6 1980
_bBC
_cC
_d33724000513289
_eC
_fc.5
_h50112
_i50136
_mD
_si
949 _a378.99 U6 1980
_bBC
_cC
_d33724000513297
_eC
_h50108
_i50136
_mD
_si
949 _a378.99 U6 1980
_bBC
_cC
_d33724000513313
_eC
_fc.4
_h50111
_i50136
_mD
_si
999 _c45024
_d45024